000 00583nam a22001697a 4500
005 20251108165356.0
008 250721s1967 xx 000 0 ara d
082 1 4 _aم/016.091/ع
100 1 _aالجبوري، عبد الله
245 1 0 _aفهرس مخطوطات حسن الانكرلي المهداة إلى مكتبة الأوقاف العامة ببغداد /
264 1 _aالنجف الاشرف :
_bمطبعة الآداب،
_c1967.
300 _a343ص
650 1 7 _aالمخطوطات العربية
650 1 7 _aالفهارس
942 _2ddc
_cREF
999 _c26416
_d26416